Fr. Conceicao Rodrigues College of Engineering

Fundamentals of Mathematical statistics (Record no. 24105)

MARC details
000 -LEADER
fixed length control field 00363nam a2200157Ia 4500
082 ## - DEWEY DECIMAL CLASSIFICATION NUMBER
Classification number 519.5/GUP
Item number GUP
100 ## - MAIN ENTRY--PERSONAL NAME
Personal name Gupta/ S.C/ Kapoor/V.K
250 ## - EDITION STATEMENT
Edition statement 11
245 ## - TITLE STATEMENT
Title Fundamentals of Mathematical statistics
260 ## - PUBLICATION, DISTRIBUTION, ETC.
Name of publisher, distributor, etc. S.Chand & C0
Place of publication, distribution, etc. New Delhi
Date of publication, distribution, etc. 2002
366 ## - TRADE AVAILABILITY INFORMATION
Publishers's discount category 15
546 ## - LANGUAGE NOTE
Language note ENGLISH
650 ## - SUBJECT ADDED ENTRY--TOPICAL TERM
Topical term or geographic name entry element Statistics
654 ## - SUBJECT ADDED ENTRY--FACETED TOPICAL TERMS
Focus term statistics
942 ## - ADDED ENTRY ELEMENTS (KOHA)
Koha item type BOOK
Holdings
Withdrawn status Lost status Damaged status Not for loan Collection Home library Current library Shelving location Date acquired Source of acquisition Cost, normal purchase price Total Checkouts Full call number Barcode Date last seen Cost, replacement price Price effective from Koha item type
        CRC Fr. Agnel's C.Rodrigues College of Engineering Fr. Agnel's C.Rodrigues College of Engineering   17/03/2023 Unique Book Distributors 255.00   519.5/GUP GUP 16844 17/03/2023 270.00   BOOK